| 000 | 00553nam a2200217Ia 4500 | ||
|---|---|---|---|
| 008 | 230125s9999 xx 000 0 und d | ||
| 020 | _a9789332574144 | ||
| 041 | _aeng | ||
| 082 |
_a659.1 _bMOR |
||
| 100 |
_aMoriarty S _9117237 |
||
| 245 | _aAdvertising & Imc: Principles & Practice | ||
| 250 | _a10th Ed. | ||
| 260 |
_c2016 _bPearson Education |
||
| 300 | _a669p | ||
| 440 | _v1 | ||
| 500 | _aAdvertising; | ||
| 650 | _aAdvertising | ||
| 700 |
_aMoriarty S; Mitchell N D & Wells W D _9117238 |
||
| 906 | _b235 | ||
| 999 |
_c94977 _d94977 |
||